| 000 | 00941cam a2200277 p 4500 | ||
|---|---|---|---|
| 001 | 4586074 | ||
| 003 | BD-DhUL | ||
| 005 | 20170124194727.0 | ||
| 008 | 751029s1975 fi cf 000 1 eng | ||
| 010 | _a 75327542 | ||
| 015 | _aFi75 | ||
| 020 |
_a9511016962 : _cFmk24.00 |
||
| 040 |
_aDLC _cDLC _dBD-DhUL |
||
| 041 | 1 | _aengfin | |
| 050 | 0 | 0 |
_aPZ3.K126 _bTh3 _aPH355.K3 |
| 082 |
_a894.5413 _bKAT |
||
| 100 | 1 |
_aKallas, Aino Krohn, _d1878-1956. |
|
| 245 | 0 | 0 |
_aThree novels / _cAino Kallas ; translated [from the Finnish] by Alex Matson. |
| 260 |
_aHelsinki : _bOtava, _c1975. |
||
| 300 |
_a219 p., [1] leaf of plates : _bport. ; _c19 cm. |
||
| 500 | _aTranslation of Barbara von Tisenhusen, Reigin pappi, and Sudenmorsian. | ||
| 600 | 1 | 0 |
_aKallas, Aino Krohn, _d1878-1956 _xTranslations into English. |
| 651 | 0 |
_aFinland _xSocial life and customs _xFiction. |
|
| 906 |
_a7 _bcbc _corignew _d3 _encip _f19 _gy-gencatlg |
||
| 942 |
_2ddc _cBK |
||
| 999 |
_c154771 _d154771 |
||